| 000 | 00000ngm 2200000zi 4500 |
| 001 | 9.867550 |
| 003 | CaOODSP |
| 005 | 20250403110158 |
| 006 | m o c f |
| 007 | cr cna|||||||| |
| 008 | 190124s2019 onc004 fo vcfre d |
| 020 | |a9780660293837 |
| 040 | |aCaOODSP|bfre|erda|cCaOODSP |
| 043 | |an-cn--- |
| 086 | 1 |aCS89-200004/2019-1F-MP4 |
| 245 | 00|aStatCan au fil des recherches : |bqui sont les femmes actives de la tranche de revenu supérieure de 1 % au Canada? |
| 246 | 10|aQui sont les femmes actives de la tranche de revenu supérieure de 1 % au Canada? |
| 264 | 1|a[Ottawa] : |bStatistique Canada, |c[2019] |
| 300 | |a1 ressource en ligne (1 fichier vidéo (3 min., 59 sec.)) : |bsonore, couleur |
| 336 | |aimage animée bidimensionnelle|btdi|2rdacontent/fre |
| 337 | |ainformatique|bc|2rdamedia/fre |
| 338 | |aressource en ligne|bcr|2rdacarrier/fre |
| 500 | |aTitre du titre d'écran. |
| 500 | |aPublié aussi en anglais sous le titre : StatCan research beat : who are the working women in the top 1 %? |
| 500 | |aTranscription de la vidéo en format HTML est fourni par l'éditeur. |
| 511 | 0 |aPrésentateur à l’écran: Elizabeth Richards. |
| 520 | |a« Les travailleuses sont maintenant plus instruites que les travailleurs, mais elles continuent d'être moins nombreuses que ceux-ci au sommet de la répartition des revenus. En 2015, au sein de la tranche de revenu supérieure de 1 %, les femmes représentaient 1 travailleur sur 5. La recherche révèle que la sous-représentation des femmes dans les groupes de revenus supérieurs est à l'origine d'environ la moitié de l'écart salarial entre les sexes au Canada. Qui sont les femmes qui atteignent ces groupes de revenus supérieurs? En quoi diffèrent-elles des hommes se situant dans la même tranche de revenus? » -- Transcription. |
| 538 | |aConfiguration requise : Logiciel de lecture multimédia tels que Lecteur Windows Media. |
| 538 | |aMode d'accès : World Wide Web. |
| 692 | 07|2gccst|aTravailleuse |
| 692 | 07|2gccst|aÉquité salariale |
| 692 | 07|2gccst|aStatistiques |
| 700 | 1 |aRichards, Elizabeth, |d1984- |eprésentateur à l’écran. |
| 710 | 2 |aStatistique Canada. |
| 775 | 08|tStatCan research beat : |w(CaOODSP)9.867548 |
| 856 | 40|qMP4|s26.70 Mo|uhttps://publications.gc.ca/collections/collection_2019/statcan/89-200004/CS89-200004-2019-1-fra.mp4|z(vidéo) |
| 856 | 4 |qHTML|sS.O.|uhttps://www.statcan.gc.ca/fra/rb/video/recherches-femmes-1|z(transcription) |